Giáo trình bố cục

Một số kiến thức chung. Vẽ tranh.

সংরক্ষণ করুন:
গ্রন্থ-পঞ্জীর বিবরন
প্রধান লেখক: Đàm Luyện
বিন্যাস: গ্রন্থ
ভাষা:Vietnamese
প্রকাশিত: H. Đại học Sư phạm 2011
সংস্করন:In lần thứ ba
বিষয়গুলি:
ট্যাগগুলো: ট্যাগ যুক্ত করুন
কোনো ট্যাগ নেই, প্রথমজন হিসাবে ট্যাগ করুন!
Thư viện lưu trữ: Mạng thư viện Đại học Đà Nẵng
LEADER 01203nam a2200361 4500
001 000024253
003 20739
005 20161109111116.0
008 161103s2011 viesd
020 |c 39000đ 
041 0 |a vie 
082 1 4 |a 750.18  |b ĐA-L 
100 1 |a Đàm Luyện 
245 1 0 |a Giáo trình bố cục  |c Đàm Luyện 
250 |a In lần thứ ba 
260 |a H.  |b Đại học Sư phạm  |c 2011 
300 |a 167 tr.  |b tranh vẽ  |c 24 cm. 
500 |a ĐTTS ghi: Bộ Giáo dục và Đào tạo. Dự án Đào tạo Giáo viên THCS. 
520 3 |a Một số kiến thức chung. Vẽ tranh. 
650 0 4 |a Bố cục  |v Giáo trình  |x Dạy và học 
653 |a Hội họa 
653 |a Tranh 
653 |a Vẽ 
OWN |a LSP 
AVA |a UDN50  |b LSP  |d 750.18 ĐA-L  |e check_holdings  |t Error 5003 Not defined in file expand_doc_bib_avail.  |h N  |k 1 
999 |a From the UDN01 
AVA |a UDN50  |b LSP  |d 750.18 ĐA-L  |e available  |t Error 5001 Not defined in file expand_doc_bib_avail.  |f 20  |g 0  |h N  |i 4  |k 1 
TYP |a Monograph 
TYP |a Printed language 
980 |a Mạng thư viện Đại học Đà Nẵng